Bands: Fill in the blanks - Statistics

General Stats
  • This quiz has been taken 1,542 times
  • The average score is 15 of 29
Answer Stats
First Word Answer % Correct
Linkin ____ Park
95%
Green ___ Day
94%
Blink ___ 182
87%
Panic! __ ___ _____ at the Disco
87%
System __ _ ____ of a Down
77%
Sum __ 41
69%
Papa _____ Roach
68%
Avenged _________ Sevenfold
66%
My ________ _______ Chemical Romance
63%
Fall ___ ___ Out Boy
63%
30 _______ __ ____ Seconds to Mars
63%
Simple ____ Plan
60%
Bullet ___ __ _________ for my Valentine
59%
Bring __ ___ _______ me the Horizon
48%
Pierce ___ ____ the Veil
48%
Of ____ _ ___ Mice & Men
46%
Breaking ________ Benjamin
43%
Five ______ _____ _____ Finger Death Punch
42%
Asking ___________ Alexandria
41%
Sleeping ____ ______ with Sirens
39%
Killswitch ______ Engage
37%
Drowning ____ Pool
36%
Three ____ _____ Days Grace
35%
Falling __ _______ in Reverse
33%
Escape ___ ____ the Fate
28%
All ____ ___ Time Low
26%
Black ____ ______ Veil Brides
26%
A ___ __ ________ Day to Remember
20%
All _______ ______ American Rejects
18%
No matching quizzes found
Score Distribution
Percent of People with Each Score
Percentile by Number Answered
Your Score History
You have not taken this quiz